Statistics for Best NBA players OAT from each country #1

Click here to take the quiz!

General Stats

  • This quiz has been taken 17 times
  • The average score is 9 of 15

Answer Stats

HintAnswer% Correct
GreeceGiannis Antetokounmpo
100%
USAMichael Jordan
100%
SpainPau Gasol
94%
ChinaYao Ming
94%
GermanyDirk Nowitzki
88%
ArgentinaManu Ginobili
88%
NigeriaHakeem Olajuwon
75%
SerbiaNikola Jokic
75%
FranceRudy Gobert
69%
AustraliaAndrew Bogut
50%
United KingdomLuol Deng
31%
CanadaSGA
31%
IndiaSatnam Singh
13%
TurkiyeMehmet Okur
6%
ItalyPaolo Banchero
6%

Score Distribution

Percentile by Number Answered

Percent of People with Each Score

Your Score History

You have not taken this quiz